000 02048cam a2200445 4500
001 14003
003 http://catalogue.bnf.fr/ark:/12148/cb47177384f
005 20260114113238.0
010 _a9782957958153
_d5 EUR
020 _aFR
_b02335845
073 0 _a9782957958153
090 _a14003
099 _o0
100 _a20230130d2022 a y0frey50 ba
101 0 _afre
102 _aFR
105 _a||||z 00|a|
181 0 _601
_ai
_bxxxe
181 _602
_ctxt
_2rdacontent
182 0 _601
_an
182 _602
_cn
_2rdamedia
200 1 _aCédric et les bâtons de Midgård
_bLIVR
214 0 _cla Maison théâtre
_dimpr. 2022
214 3 _cOtt impr.
214 0 _aStrasbourg
214 3 _a67-Wasselonne
215 _a1 vol. (33 p.)
215 _d21 cm
225 _aLes cahiers théâtre
_vn° 6
225 _e9-12 ans
300 _aCommande de la Maison théâtre dans le cadre du projet "Dans la cour de notre mythologie"
323 _a10 personnages
330 _aNawelle, Paco, ainsi qu'un groupe d'enfants parfois farfelus - les Didas - jouent le sauvetage du grand frêne qui aurait dû être abattu en 1989 pour l'aménagement du parc urbain Jean-Michel Jarre. Avant l'arrivée des machines, les enfants de Krisimalheim avaient remis la main sur un mystérieux objet découvert par Cédric quelques mois plus tôt. Formidable occasion de mettre à jour les origines anciennes de leur arbre-cabane, qui n'est pas sans rappeler le Yggdrasil des Vikings. Adrien CORNAGGIA va puiser dans la mythologie nordique pour nous raconter une histoire tendre et décalée sur nos liens avec le passé et ses leçons pour le futur.
410 0 _047252827
410 0 _tLes Cahiers théâtre (Strasbourg)
_x3039-5577
_v6
610 _ajeunesse
_aadolescence
_amythologie
686 _a802
_2Cadre de classement de la Bibliographie nationale française
700 _aCornaggia
_bAdrien
_f1982-....
700 _317010341
_oISNI0000000453442945
_4070
801 0 _aFR
_bFR-751131015
_c20230130
_gAFNOR
_hFRBNF471773840000003